000 01582cam a2200445 4500
001 22346
003 VRT
005 20260326144815.0
008 200519s2018 xo gr 000 fdslo
015 _aSNBA2019/05
020 _a9788056903261
_q(viazané)
035 _aurn:nbn:sk:snk-am00dy8p
035 _aurn:nbn:sk:snk-am3i9ai
035 _a5EEFBC16-D332-40FB-ABC1-3EDA6F044A71
039 9 _a202501170938
_bmsnk160
_c202404081211
_dmsnk115
_c202005190730
_dVLOAD
_c202005070809
_dVLOAD
040 _aSNK
_bslo
_cSNK
_erda
041 0 _aslo
044 _axo
_cSK
072 7 _a821.162.4-3
_xSlovenská próza
_2konspekt
080 _a821.162.4-31
_22011
100 1 _aManáková, Mirka,
_d1984-
_4aut
245 1 0 _aSlzy pre Araba
_cMirka Manáková
250 _a1. vydanie
264 1 _aBratislava
_bMarenčin PT
_c2018
300 _a157 strán
_c21 cm
336 _atext
_btxt
_2rdacontent
337 _abez média
_bn
_2rdamedia
338 _azväzok
_bnc
_2rdacarrier
500 _aObsahuje biografické údaje o autorke na záložke prebalu knihy
655 7 _aslovenské romány
_2SNKPH
655 7 _aSlovak fiction
_2SNKPHeng
942 _2ddc
_cKLDO
_n0
949 _6270001000602124
_asvkbbA 157290
_bsvkbbm 783117
949 _617A1371696
_asnkSC 184140
_bsnk2019/12575
_o909/2019
_s6100:20190523
949 _617A1371699
_asnkSC 184140 D1
_bsnk2019/12578
_o909/2019
949 _62889343878
_asavukPV 28068
_bsavuk2019/1759
949 _6273K0643284
_asvkpoA 241910
_bsvkpo635573
999 _c22346
_d22346